000 00326pab a2200145 454500
008 180718b1986 xxu||||| |||| 00| 0 eng d
100 _aHeap, John P.
245 _aEvaluating software packages
260 _c1986
300 _a24-5
362 _aJan.
650 _aComputers
773 _aManagement Services
909 _a6334
999 _c6334
_d6334